| 000 -LEADER |
| fixed length control field |
00676nam a2200217Ia 4500 |
| 001 - CONTROL NUMBER |
| control field |
7739 |
| 003 - CONTROL NUMBER IDENTIFIER |
| control field |
GE_BSU |
| 005 - DATE AND TIME OF LATEST TRANSACTION |
| control field |
20220923120741.0 |
| 008 - FIXED-LENGTH DATA ELEMENTS--GENERAL INFORMATION |
| fixed length control field |
181216s2011en xx |||||||||||||| ||eng|| |
| 020 ## - INTERNATIONAL STANDARD BOOK NUMBER |
| International Standard Book Number |
9780195371239 |
| 040 ## - CATALOGING SOURCE |
| Transcribing agency |
GE_BSU |
| 041 ## - LANGUAGE CODE |
| Language code of text/sound track or separate title |
eng |
| 080 ## - UNIVERSAL DECIMAL CLASSIFICATION NUMBER |
| Universal Decimal Classification number |
621.8 U-29 |
| 100 ## - MAIN ENTRY--PERSONAL NAME |
| Personal name |
Uicker,John.Jr. |
| 9 (RLIN) |
14722 |
| 245 ## - TITLE STATEMENT |
| Title |
Theory of Machines and Mechanisms / |
| Statement of responsibility, etc. |
John. Jr. Uicker, |
| 264 ## - PRODUCTION, PUBLICATION, DISTRIBUTION, MANUFACTURE, AND COPYRIGHT NOTICE |
| Place of production, publication, distribution, manufacture |
New York-Oxford : |
| Name of producer, publisher, distributor, manufacturer |
Oxford university press, |
| Date of production, publication, distribution, manufacture, or copyright notice |
2011. |
| 300 ## - PHYSICAL DESCRIPTION |
| Extent |
900 p. : |
| Other physical details |
CD |
| Dimensions |
24 cm. |
| 653 ## - INDEX TERM--UNCONTROLLED |
| keyword |
Theory of Machines and Mechanisms |
| 653 ## - INDEX TERM--UNCONTROLLED |
| keyword |
მანქანებისა და მექანიზმების თეორია |
| 942 ## - ADDED ENTRY ELEMENTS (KOHA) |
| Koha item type |
წიგნი |
| Source of classification or shelving scheme |
|